LEADER 03291 am 22007573u 450 001 9910563176603321 005 20230621141456.0 035 $a(CKB)3710000000347284 035 $a(SSID)ssj0001598243 035 $a(PQKBManifestationID)16298984 035 $a(PQKBTitleCode)TC0001598243 035 $a(PQKBWorkID)12129563 035 $a(PQKB)11366097 035 $a(oapen)https://directory.doabooks.org/handle/20.500.12854/27393 035 $a(EXLCZ)993710000000347284 100 $a20160829h20152015 fy 0 101 0 $ager 135 $aurm|#---uuuuu 181 $ctxt$2rdacontent 182 $cc$2rdamedia 183 $acr$2rdacarrier 200 10$aDie Wunden des Staates $eKriegsopfer und Sozialstaat in Österreich, 1914-1938 /$fVerena Pawlowsky, Harald Wendelin 210 $cBöhlau$d2015 210 1$aGermany :$cBo?hlau Verlag,$d2015 210 4$d©2015 215 $a1 online resource (584 pages) $cillustrations; digital, PDF file(s) 300 $aBibliographic Level Mode of Issuance: Monograph 311 $a3-205-79598-9 320 $aIncludes bibliographical references. 330 $aThe study?s subject is the assistance for the victims of World War I in Austria. It explains the numerous measures taken in favour of disabled veterans and war widows during the war and in the post-war period and describes the powerful organisations of the invalids. The assistance for war victims expressed very early social policy as supported by the state. 330 $aDas Buch nimmt die Kriegsopfer des Ersten Weltkriegs in den Blick. Es rekonstruiert das für Kriegsbeschädigte, Witwen und Waisen geschaffene Versorgungssystem sowie die Entwicklung seines normativen Rahmens in der Habsburgermonarchie und in der Ersten Republik. Die Autoren betonen die Rolle der Invaliden im Kampf um ihre Rechte und analysieren die Schaffung des Versorgungsystems für Kriegsopfer als einen entscheidenden Schritt auf dem Weg zum modernen Sozialstaat. 606 $aDisabled veterans$xServices for$xHistory$y20th century$zAustria 606 $aWorld War, 1914-1918$xServices for$xVeterans$zAustria 606 $aMilitary & Naval Science$2HILCC 606 $aLaw, Politics & Government$2HILCC 606 $aMilitary Administration$2HILCC 610 $adisabled veterans 610 $awar victims 610 $awelfare state 610 $asocial security 610 $afirst world war 610 $aKriegsbeschädigte 610 $aKriegsopfer 610 $aSozialstaat 610 $aFürsorge 610 $aErster Weltkrieg 610 $aDeutsche Kriegsversehrte im 20. Jahrhundert 610 $aInvalidität 610 $aKaiserlich-königlich 610 $aKnight Bachelor 610 $aÖsterreich 610 $aWien 615 0$aDisabled veterans$xServices for$xHistory 615 0$aWorld War, 1914-1918$xServices for$xVeterans 615 7$aMilitary & Naval Science 615 7$aLaw, Politics & Government 615 7$aMilitary Administration 676 $a363.349809436 700 $aPawlowsky$b Verena$0803117 702 $aWendelin$b Harald 801 0$bPQKB 801 2$bUkMaJRU 906 $aBOOK 912 $a9910563176603321 996 $aDie Wunden des Staates$92837076 997 $aUNINA LEADER 02991oas 2201297 a 450 001 9910333131703321 005 20251105213014.0 011 $a1872-6240 035 $a(DE-599)ZDB1462674-3 035 $a(DE-599)1462674-3 035 $a(OCoLC)38871194 035 $a(CONSER) 2002238879 035 $a(CKB)954925385137 035 $a(EXLCZ)99954925385137 100 $a19980331a19669999 sy a 101 0 $aeng 135 $aurcnu|||||||| 181 $ctxt$2rdacontent 182 $cc$2rdamedia 183 $acr$2rdacarrier 200 10$aBrain research 210 $a[Amsterdam] $cElsevier Science B.V 300 $aRefereed/Peer-reviewed 311 08$a0006-8993 606 $aBrain$vPeriodicals 606 $aBrain$xResearch$vPeriodicals 606 $aNeurology$vPeriodicals 606 $aBrain 606 $aNeurology 606 $aBrain$vperiodicals 606 $aNeurology$vperiodicals 606 $aBrain 606 $aNeurology 606 $aBrain$vPeriodicals 606 $aNeurology$vPeriodicals 606 $aCerveau$vPe?riodiques 606 $aNeurologie$vPe?riodiques 606 $aCerveau$xRecherche$vPe?riodiques 606 $aCerveau 606 $aNeurologie 606 $abrains$2aat 606 $aNeurology$2fast$3(OCoLC)fst01036390 606 $aBrain$2fast$3(OCoLC)fst00837570 606 $aBrain$xResearch$2fast$3(OCoLC)fst00837661 608 $aperiodicals.$2aat 608 $aPeriodicals.$2fast 608 $aPeriodicals.$2lcgft 608 $aPe?riodiques.$2rvmgf 615 0$aBrain 615 0$aBrain$xResearch 615 0$aNeurology 615 0$aBrain. 615 0$aNeurology. 615 2$aBrain 615 2$aNeurology 615 2$aBrain. 615 2$aNeurology. 615 2$aBrain 615 2$aNeurology 615 6$aCerveau 615 6$aNeurologie 615 6$aCerveau$xRecherche 615 6$aCerveau. 615 6$aNeurologie. 615 7$abrains. 615 7$aNeurology. 615 7$aBrain. 615 7$aBrain$xResearch. 676 $a616 801 0$bOH1 801 1$bOH1 801 2$bOCL 801 2$bOCLCQ 801 2$bIUL 801 2$bOCLCQ 801 2$bSBH 801 2$bU9S 801 2$bGUA 801 2$bOCLCQ 801 2$bUKMGB 801 2$bOCLCQ 801 2$bOPELS 801 2$bOCLCF 801 2$bCOO 801 2$bVT2 801 2$bOCLCQ 801 2$bBUF 801 2$bU3W 801 2$bEZC 801 2$bAU@ 801 2$bOCLCO 801 2$bWYU 801 2$bOCLCO 801 2$bAUD 801 2$bOCLCA 801 2$bLEAUB 801 2$bOCLCO 801 2$bSFB 801 2$bOCLCA 801 2$bOCLCO 801 2$bOCL 801 2$bOCLCQ 801 2$bUAB 801 2$bOCLCL 801 2$bGWM 801 2$bCNMTR 801 2$bOCLCQ 906 $aJOURNAL 912 $a9910333131703321 996 $aBrain research$9798614 997 $aUNINA